00705nam a2200205 a 450000100060000000300080000600500170001400800410003103500190007204000350009104100080012608200270013410000300016124501170019126000330030830000250034150400380036661000320040465000630043662921BD-RjUL20211209081136.0170126s1982 ii b 001 0 eng d a(BD-RjUL)63049 aBD-RjULcBD-RjULdBD-RjULbeng aeng00a378.1981223bPAS 19821 aPattnaik, Surendra Kumar.10aStudent politics and voting behaviour :ba case study of Jawaharlal Nehru University /cSurendra Kumar Pattnaik. aNew Delhi :bConcept,c1982. axi, 224 p. ;c23 cm. aIncludes bibliography and index.20aJawaharlal Nehru University 0aCollege studentsxPolitical activityzIndiaxCase studies.